| 000 | 00000nam 2200000zi 4500 |
| 001 | 9.956168 |
| 003 | CaOODSP |
| 005 | 20251010122621 |
| 006 | m o d f |
| 007 | cr mn||||||||| |
| 008 | 251009e20240830onc ob f000 0 eng d |
| 040 | |aCaOODSP|beng|erda|cCaOODSP |
| 043 | |an-cn--- |
| 086 | 1 |aYM32-10/2013-83-2024E-PDF |
| 100 | 1 |aMason, Robert, |eauthor. |
| 245 | 10|aSection 15 of the Canadian Charter of Rights and Freedoms : |bthe development of the Supreme Court of Canada's approach to equality rights under the Charter / |crevised by Robert Mason. |
| 246 | 17|aSection 15 of the Canadian Charter of Rights and Freedoms : |bthe Supreme Court of Canada's approach to equality |
| 250 | |a[Revised 30 August 2024]. |
| 264 | 1|a[Ottawa] : |bLibrary of Parliament = Bibliothèque du Parlement, |c30 August 2024. |
| 264 | 4|c©2024 |
| 300 | |a1 online resource (iv, 20 pages). |
| 336 | |atext|btxt|2rdacontent |
| 337 | |acomputer|bc|2rdamedia |
| 338 | |aonline resource|bcr|2rdacarrier |
| 490 | 1 |aHillStudies : in-depth reads on Canadian topics ; |vpublication no. 2013-83-E |
| 500 | |aCover title. |
| 500 | |aIssued also in French under title: L'article 15 de la Charte canadienne des droits et libertés : l'évolution de la conception de la Cour suprême du Canada du droit à l'égalité garanti par la Charte. |
| 500 | |a"[P]repared by Research and Education, ..."--About this publication. |
| 504 | |aIncludes bibliographical references (pages 18-20). |
| 520 | |a"Section 15 of the Canadian Charter of Rights and Freedoms sets out the right to equal protection and equal benefit of the law without discrimination. The Supreme Court of Canada (the Court) has consistently interpreted this right as protecting substantive equality. This means that laws - as well as government activities and policies - must not simply treat people the same. Instead, the effect that a law has on different groups must be considered"--Executive summary, page iii. |
| 610 | 10|aCanada. |tCanadian Charter of Rights and Freedoms. |
| 650 | 0|aEquality before the law|zCanada. |
| 650 | 0|aCivil rights|zCanada. |
| 650 | 0|aDiscrimination|xLaw and legislation |zCanada. |
| 710 | 1 |aCanada. |bLibrary of Parliament. |bResearch and Education, |eissuing body. |
| 775 | 08|tL'article 15 de la Charte canadienne des droits et libertés : |w(CaOODSP)9.956175 |
| 795 | |tSection 15 of the Canadian Charter of Rights and Freedoms |b[11 September 2013 edition]|w(CaOODSP)9.818342 |
| 830 | #0|aHillStudies (Canada. Library of Parliament)|vno. 2013-83-E.|w(CaOODSP)9.955653 |
| 856 | 40|qPDF|s649 KB|uhttps://publications.gc.ca/collections/collection_2025/bdp-lop/ym32-10/YM32-10-2013-83-2024-eng.pdf |
| 856 | 4 |qHTML|sN/A|uhttps://lop.parl.ca/sites/PublicWebsite/default/en_CA/ResearchPublications/201383E |